[Event "WCh Women 2023"]
[Site "Shanghai/Chongqing CHN"]
[Date "2023.07.11"]
[Round "5.1"]
[White "Lei, Tingjie"]
[Black "Ju, Wenjun"]
[Result "1-0"]
[WhiteElo "2554"]
[BlackElo "2564"]
[PlyCount "129"]
[EventDate "2023.07.05"]

1. e4 e5 2. Nf3 Nc6 3. Bc4 Nf6 4. d3 Bc5 5. O-O d6 6. c3 a5 7. Bb3 O-O 8. Re1 Ba7 9. h3 Be6 10. Bc2 h6 11. d4 exd4 12. Nxd4 Bd7 13. Be3 Ne5 14. Nd2 c5 15. N4f3 Bc6 16. Nxe5 dxe5 17. a4 Qe7 18. Qe2 Rfd8 19. Red1 Bb8 20. Qc4 b6 21. b4 axb4 22. cxb4 Bd6 23. b5 Bd7 24. Qc3 Be6 25. Nc4 Bxc4 26. Qxc4 Ne8 27. Bb3 Nc7 28. Qc2 Ne6 29. Bd5 Rab8 30. Bxe6 Qxe6 31. Rd5 Be7 32. Rad1 Rxd5 33. Rxd5 Ra8 34. Bd2 Kf8 35. Bc3 f6 36. Qb3 Qc8 37. Qc4 Qe8 38. g3 Qc8 39. Kg2 Qe8 40. h4 h5 41. Bd2 Rb8 42. f4 exf4 43. Bxf4 Rb7 44. Qe2 g6 45. e5 Qa8 46. Qf3 f5 47. Rd7 Ra7 48. Qxa8+ Rxa8 49. e6 Rxa4 50. Rb7 Ra8 51. Rxb6 c4 52. Rc6 Bd8 53. b6 Ra2+ 54. Kf3 Rb2 55. Rc8 Rb3+ 56. Ke2 Rxb6 57. Rxd8+ Ke7 58. Rc8 Rxe6+ 59. Kd2 Re4 60. Kc3 Kf7 61. Rxc4 Re8 62. Rc7+ Kf6 63. Bg5+ Ke5 64. Re7+ Rxe7 65. Bxe7 1-0

[Event "Prague Challengers"]
[Site "Prague CZE"]
[Date "2023.06.22"]
[Round "2.5"]
[White "Bartel, Mat"]
[Black "Stalmach, Richard"]
[Result "1-0"]
[WhiteElo "2609"]
[BlackElo "2436"]
[PlyCount "55"]
[EventDate "2023.06.21"]
[EventType "tourn"]
[EventRounds "9"]
[EventCountry "CZE"]
[EventCategory "12"]
[SourceTitle "The Week in Chess 1494"]
[Source "Mark Crowther"]
[SourceDate "2023.06.26"]
[SourceVersion "1"]
[SourceVersionDate "2023.06.26"]
[SourceQuality "2"]

1. e4 e6 2. d4 d5 3. e5 c5 4. c3 Qb6 5. Nf3 Nc6 6. Na3 cxd4 7. cxd4 Bb4+ 8. Bd2 Bxa3 9. bxa3 Nxd4 10. Qa4+ Nc6 11. Bb5 Bd7 12. Rb1 Nge7 13. O-O Qd8 14. Qg4 Nf5 15. Bd3 h5 16. Qh3 Qc7 17. Rfc1 Nfe7 18. Qg3 Kf8 19. Bb4 Re8 20. Bd6 Qc8 21. Qh4 Rh6 22. Rb4 Qa8 23. Rxc6 bxc6 24. Rf4 Qd8 25. Ng5 f5 26. exf6 gxf6 27. Rxf6+ Rxf6 28. Nh7+ {und wegen} 1-0

[Event "Prague Festival Challengers 2023"]
[Site "Prag"]
[Date "2023.06.30"]
[Round "9.1"]
[White "Motylev, Alexander"]
[Black "Gledura, Benjamin"]
[Result "1-0"]
[WhiteElo "2597"]
[BlackElo "2645"]
[PlyCount "47"]
[EventDate "2023.06.21"]
[EventType "tourn"]
[EventCountry "CZE"]
[SourceTitle "playchess.com"]
[Source "ChessBase"]
[SourceQuality "1"]

1. e4 e5 2. Nf3 Nf6 3. d4 Nxe4 4. Bd3 d5 5. Nxe5 Nd7 6. Nc3 Nxc3 7. bxc3 Nxe5 8. dxe5 Bc5 9. Qh5 Be6 10. Rb1 Qd7 11. O-O O-O-O 12. Qf3 Bb6 13. Bg5 Rde8 14. Be3 Qe7 15. a4 Qa3 16. c4 d4 17. Bd2 c6 18. Bb4 Qxa4 19. Bd6 Qa5 20. Ra1 Qd2 21. Rfb1 f6 22. c5 Ba5 23. Ba6 Bd5 24. Qg4+ {und Aufgabe wegen} 1-0

[Event "Prague Festival Masters 2023"]
[Site "Prague"]
[Date "2023.06.29"]
[Round "8.2"]
[White "Nguyen, Thai Dai Van"]
[Black "Deac, Bogdan-Daniel"]
[Result "0-1"]
[WhiteElo "2653"]
[BlackElo "2693"]
[PlyCount "76"]
[EventDate "2023.06.21"]
[EventType "tourn"]
[EventCountry "CZE"]
[SourceTitle "playchess.com"]
[Source "ChessBase"]
[SourceQuality "1"]

1. c4 Nf6 2. Nc3 e5 3. Nf3 Nc6 4. g3 d5 5. cxd5 Nxd5 6. Bg2 Nb6 7. O-O Be7 8. b3 O-O 9. Bb2 Re8 10. Rc1 Bf8 11. d3 Bg4 12. Ne4 f6 13. a3 a5 14. Qc2 Qd7 15. Rfd1 Qf7 16. d4 Bxf3 17. exf3 exd4 18. f4 Rad8 19. Qd3 Qg6 20. Qf3 Qf5 21. h4 Qb5 22. h5 h6 23. Re1 f5 24. Nd2 Rxe1+ 25. Rxe1 Na4 26. Bf1 d3 27. Be5 Nc5 28. Bxc7 Nd4 29. Qg2 Rd7 30. Be5 Ncxb3 31. Rd1 Ne2+ 32. Kh2 Nbc1 33. Nf3 Qb3 34. Rd2 Bxa3 35. g4 Bb4 36. Rb2 Qf7 37. Qh3 d2 38. Nxd2 Rxd2 0-1

[Event "Prague Festival Masters 2023"]
[Site "Prague"]
[Date "2023.06.25"]
[Round "5.4"]
[White "Robson, Ray"]
[Black "Wang, Hao"]
[Result "1-0"]
[WhiteElo "2689"]
[BlackElo "2722"]
[PlyCount "85"]
[EventDate "2023.06.21"]
[EventType "tourn"]
[EventCountry "CZE"]
[SourceTitle "playchess.com"]
[Source "ChessBase"]
[SourceQuality "1"]

1. e4 c5 2. Nf3 e6 3. d4 cxd4 4. Nxd4 Nf6 5. Nc3 Nc6 6. Nxc6 bxc6 7. e5 Nd5 8. Ne4 Bb7 9. Nd6+ Bxd6 10. exd6 c5 11. c4 Nf6 12. f3 O-O 13. Bd3 e5 14. O-O h6 15. Be3 Rc8 16. Bf5 Rc6 17. Qc1 Re8 18. Rd1 e4 19. f4 h5 20. Qc3 Qb6 21. Qd2 a5 22. b3 Ra8 23. Rab1 Ra6 24. Qf2 Rxd6 25. Bxc5 Rxd1+ 26. Rxd1 Qc7 27. Bd4 Ng4 28. Bxg4 hxg4 29. Be5 Qc6 30. Rd6 e3 31. Qe2 Qc5 32. Rxd7 Bf3 33. Rd8+ Kh7 34. Qd3+ Rg6 35. Bd4 e2 36. Bxc5 e1=Q+ 37. Qf1 Qe4 38. Bf2 Qe7 39. Qd3 Be4 40. Qd4 Bf5 41. Rd5 Re6 42. Qd1 Kg6 43. Rxf5 {wiederlegt.} 1-0

[Event "5th Prague Masters 2023"]
[Site "Prague CZE"]
[Date "2023.06.27"]
[Round "6.2"]
[White "Wang Hao"]
[Black "Gelfand, B."]
[Result "1-0"]
[WhiteElo "2722"]
[BlackElo "2668"]
[PlyCount "81"]
[EventDate "2023.06.21"]
[EventType "tourn"]
[EventRounds "9"]
[EventCountry "CZE"]
[EventCategory "18"]
[SourceTitle "The Week in Chess 1495"]
[Source "Mark Crowther"]
[SourceDate "2023.07.03"]
[SourceVersion "1"]
[SourceVersionDate "2023.07.03"]
[SourceQuality "2"]

1. e4 c5 2. Nf3 e6 3. d4 cxd4 4. Nxd4 Nf6 5. Nc3 Nc6 6. a3 d5 7. Bb5 Bd7 8. exd5 exd5 9. O-O Be7 10. Be2 O-O 11. Be3 Re8 12. Bf3 Be6 13. Nxe6 fxe6 14. g3 Qd7 15. Bg2 Rad8 16. Qe2 e5 17. Rad1 d4 18. Bc1 Kh8 19. Ne4 Rf8 20. Ng5 Rde8 21. Bh3 Qd6 22. Be6 Bd8 23. Nf7+ Rxf7 24. Bxf7 Re7 25. Bb3 e4 26. Kg2 Ne5 27. Bf4 Bb6 28. f3 Qc6 29. Bxe5 Rxe5 30. fxe4 Rxe4 31. Qf3 Qe8 32. Bc4 Re3 33. Qxb7 Re7 34. Bb5 Qxb5 35. Qxe7 Qc6+ 36. Rf3 Qxc2+ 37. Rf2 Qxd1 38. Rxf6 Qc2+ 39. Kh3 h6 40. Rf8+ Kh7 41. Qe8 1-0

[Event "5th Prague Masters 2023"]
[Site "Prague CZE"]
[Date "2023.06.24"]
[Round "4.3"]
[White "Wang Hao"]
[Black "Martirosyan, Haik M."]
[Result "1-0"]
[WhiteElo "2722"]
[BlackElo "2685"]
[PlyCount "101"]
[EventDate "2023.06.21"]
[EventType "tourn"]
[EventRounds "9"]
[EventCountry "CZE"]
[EventCategory "18"]
[SourceTitle "The Week in Chess 1494"]
[Source "Mark Crowther"]
[SourceDate "2023.06.26"]
[SourceVersion "1"]
[SourceVersionDate "2023.06.26"]
[SourceQuality "2"]

1. d4 Nf6 2. c4 e6 3. Nf3 d5 4. Nc3 Nbd7 5. Bf4 dxc4 6. e3 Bd6 7. Bg3 O-O 8. Bxc4 Bxg3 9. hxg3 c5 10. e4 cxd4 11. Qxd4 Nb6 12. Bb3 Qxd4 13. Nxd4 Rd8 14. Rd1 Bd7 15. f4 Bc6 16. Nxc6 bxc6 17. Ke2 h6 18. Rxd8+ Rxd8 19. Rd1 Rxd1 20. Bxd1 Kf8 21. b4 Ke7 22. Kd3 Nfd7 23. Kd4 Kd6 24. e5+ Kc7 25. g4 Nc8 26. Ne4 Ne7 27. Bb3 Nb6 28. g3 Kd7 29. Nc5+ Ke8 30. Ne4 Kd7 31. Nd6 f6 32. exf6 Kxd6 33. fxe7 Kxe7 34. Kc5 Kd7 35. b5 cxb5 36. Kxb5 Kd6 37. Ka6 Nd7 38. Kxa7 e5 39. Bc2 exf4 40. gxf4 Nf6 41. Bd1 Nd5 42. f5 Ne3 43. Bf3 Kc5 44. Kb7 Kb4 45. Kc6 h5 46. f6 Nxg4 47. fxg7 Nh6 48. Kd7 h4 49. Bg2 Ka3 50. Bh3 Kxa2 51. Ke7 1-0

[Event "5th Prague Masters 2023"]
[Site "Prague CZE"]
[Date "2023.06.21"]
[Round "1.2"]
[White "Keymer, Vincent"]
[Black "Wang Hao"]
[Result "1-0"]
[WhiteElo "2690"]
[BlackElo "2722"]
[PlyCount "87"]
[EventDate "2023.06.21"]
[EventType "tourn"]
[EventRounds "9"]
[EventCountry "CZE"]
[EventCategory "18"]
[SourceTitle "The Week in Chess 1494"]
[Source "Mark Crowther"]
[SourceDate "2023.06.26"]
[SourceVersion "1"]
[SourceVersionDate "2023.06.26"]
[SourceQuality "2"]

1. d4 d5 2. c4 c6 3. Nf3 Nf6 4. e3 Bf5 5. Nc3 e6 6. Nh4 Be4 7. f3 Bg6 8. Bd2 Be7 9. Qb3 Qc7 10. O-O-O dxc4 11. Bxc4 b5 12. Be2 a6 13. Nxg6 hxg6 14. f4 c5 15. Bf3 Nc6 16. dxc5 Na5 17. Qa3 Bxc5 18. b4 Nc4 19. Nxb5 Qc8 20. Nc7+ Qxc7 21. Qa4+ Ke7 22. bxc5 Nxd2 23. Kxd2 Rad8+ 24. Ke2 Qxc5 25. Rc1 Qb5+ 26. Qxb5 axb5 27. Rc5 Nd5 28. Rb1 Ra8 29. Bxd5 exd5 30. Rb2 Rxh2 31. Kf3 Ra5 32. Rcxb5 Rxb5 33. Rxb5 Ke6 34. Rb6+ Kd7 35. Rb7+ Ke6 36. Rb1 g5 37. Rb6+ Ke7 38. fxg5 Rh4 39. g4 Rh2 40. a4 Ra2 41. Ra6 Rb2 42. a5 g6 43. Ra7+ Ke6 44. a6 1-0

[Event "5th Prague Challengers"]
[Site "Prague CZE"]
[Date "2023.06.29"]
[Round "8.4"]
[White "Finek, Vaclav"]
[Black "L'Ami, E."]
[Result "1-0"]
[WhiteElo "2409"]
[BlackElo "2645"]
[PlyCount "103"]
[EventDate "2023.06.21"]
[EventType "tourn"]
[EventRounds "9"]
[EventCountry "CZE"]
[EventCategory "12"]
[SourceTitle "The Week in Chess 1495"]
[Source "Mark Crowther"]
[SourceDate "2023.07.03"]
[SourceVersion "1"]
[SourceVersionDate "2023.07.03"]
[SourceQuality "2"]

1. d4 d5 2. Nf3 Nf6 3. c4 e6 4. g3 Bb4+ 5. Bd2 Be7 6. Bg2 Nbd7 7. O-O c6 8. Qc2 Ne4 9. Nc3 Nxd2 10. Nxd2 O-O 11. Rfd1 f5 12. e3 Nf6 13. Nf3 Bd6 14. Ne2 Bd7 15. Nf4 Qe7 16. Nd3 Be8 17. Nfe5 Ng4 18. Nxg4 fxg4 19. e4 dxc4 20. Qxc4 Qf7 21. Rf1 e5 22. Qxf7+ Bxf7 23. dxe5 Bc7 24. b3 Rae8 25. Rfd1 Re7 26. h3 h5 27. hxg4 hxg4 28. Rac1 Rfe8 29. Kf1 Be6 30. Ke2 Bc8 31. Rc5 Kf7 32. b4 Bb6 33. Rc2 Bd4 34. Rc4 Bxe5 35. Nxe5+ Rxe5 36. Ke3 Be6 37. Rc2 a5 38. Rd4 Ra8 39. a4 Kf6 40. Rb2 b5 41. bxa5 c5 42. Rd6 bxa4 43. a6 a3 44. Rb1 a2 45. Ra1 Ke7 46. Rb6 Bc4 47. Rb7+ Kd6 48. a7 g5 49. Bf1 Bxf1 50. Rxf1 Re7 51. Rb6+ Ke5 52. f4+ 1-0

[Event "Superbet Rapid Poland 2023"]
[Site "Warsaw"]
[Date "2023.05.21"]
[Round "3.5"]
[White "Aronian, Levon"]
[Black "Giri, Anish"]
[Result "1-0"]
[WhiteElo "2745"]
[BlackElo "2768"]
[PlyCount "119"]
[EventDate "2023.??.??"]
[EventType "rapid"]

1. e4 e5 2. Bc4 Nf6 3. Nc3 Nc6 4. d3 Bb4 5. Nf3 d5 6. exd5 Nxd5 7. O-O Bxc3 8. bxc3 O-O 9. Bd2 Bg4 10. Re1 Qd6 11. Rb1 Bh5 12. h3 Rad8 13. g4 Bg6 14. Nh4 Nb6 15. Bb3 Na5 16. Nxg6 hxg6 17. Qf3 c6 18. c4 Nxb3 19. Rxb3 Rfe8 20. Ba5 Qc5 21. Bb4 Qd4 22. Bc3 Qc5 23. Qe3 Na4 24. Bd2 Rb8 25. Reb1 b6 26. Rb4 Qxe3 27. Bxe3 Nc3 28. Re1 e4 29. Rb3 Na4 30. Ra3 b5 31. cxb5 cxb5 32. Bxa7 Rbc8 33. Rxe4 Rxe4 34. dxe4 Rxc2 35. Bd4 Rc4 36. Be3 Rxe4 37. Rb3 Re5 38. Kf1 Kf8 39. Ke2 Nb6 40. Kd3 Rd5+ 41. Kc3 Nc4 42. Kb4 Nxe3 43. Rxe3 Rd2 44. a3 Rxf2 45. Kxb5 Rb2+ 46. Kc4 Ra2 47. Kb3 Ra1 48. Kb2 Rd1 49. a4 f5 50. a5 Rd6 51. Ra3 Ra6 52. Kc3 Ke7 53. Kc4 Kd7 54. Kb5 Ra8 55. a6 Rb8+ 56. Ka5 Kc7 57. Rc3+ Kd7 58. a7 Rf8 59. Kb6 f4 60. Kb7 1-0

[Event "SuperUnited Rapid 2023"]
[Site "Zagreb CRO"]
[Date "2023.07.06"]
[Round "4.1"]
[White "Carlsen, M."]
[Black "Caruana, F."]
[Result "0-1"]
[WhiteElo "2835"]
[BlackElo "2782"]
[PlyCount "62"]
[EventDate "2023.07.05"]
[EventType "tourn (rapid)"]
[EventRounds "9"]
[EventCountry "CRO"]
[EventCategory "20"]
[SourceTitle "The Week in Chess 1496"]
[Source "Mark Crowther"]
[SourceDate "2023.07.10"]
[SourceVersion "1"]
[SourceVersionDate "2023.07.10"]
[SourceQuality "2"]

1. c4 Nf6 2. Nc3 e5 3. Nf3 Nc6 4. d4 exd4 5. Nxd4 Bb4 6. g3 Na5 7. Qd3 d5 8. cxd5 Qxd5 9. Qb5+ Bd7 10. Qxd5 Nxd5 11. Bd2 Nxc3 12. Nc2 Nxa2 13. Nxb4 Nxb4 14. Rxa5 Nc2+ 15. Kd1 Nd4 16. f3 Be6 17. Bc3 b6 18. Rg5 O-O-O 19. Ke1 g6 20. Kf2 f6 21. Rg4 Bxg4 22. fxg4 Rhe8 23. h4 c5 24. h5 g5 25. h6 Nb5 26. Be1 Rd1 27. e3 Nd6 28. Kf3 Kc7 29. Be2 Rb1 30. Bd3 Rxb2 31. Bxh7 Nc4 {und wegen} 0-1

[Event "SuperUnited Croatia Blitz 2023"]
[Site "Zagreb"]
[Date "2023.07.09"]
[Round "18"]
[White "Firouzja, Alireza"]
[Black "Duda, Jan-Krzysztof"]
[Result "1-0"]
[WhiteElo "2777"]
[BlackElo "2732"]
[PlyCount "89"]
[EventDate "2023.??.??"]
[EventType "blitz"]

1. c4 e6 2. Nf3 Nf6 3. g3 d5 4. Bg2 dxc4 5. O-O Nbd7 6. Qa4 a6 7. Nc3 c5 8. Rd1 Be7 9. Qxc4 b5 10. Qb3 Bb7 11. d3 O-O 12. a4 c4 13. dxc4 b4 14. Bg5 Qc7 15. Bxf6 Nxf6 16. Na2 Rfc8 17. Rac1 Ne4 18. Qc2 a5 19. Nd4 Nc5 20. b3 Bxg2 21. Kxg2 Qb7+ 22. f3 Rd8 23. Nb5 h5 24. Rxd8+ Rxd8 25. Rd1 Qc8 26. Nc1 Rxd1 27. Qxd1 Bg5 28. Nd3 Qd7 29. Qc2 Be3 30. Nxc5 Bxc5 31. Qd3 Qe7 32. Nd4 g6 33. Nc6 Qc7 34. Qd8+ Qxd8 35. Nxd8 Kf8 36. Nc6 Bb6 37. h4 Ke8 38. g4 f6 39. c5 Kd7 40. gxh5 gxh5 41. Ne5+ fxe5 42. cxb6 Kc6 43. Kf2 Kxb6 44. Ke3 Kc6 45. Ke4 1-0

[Event "3rd Cairns Cup 2023"]
[Site "Saint Louis USA"]
[Date "2023.06.09"]
[Round "6.2"]
[White "Mammadzada, G."]
[Black "Zatonskih, A."]
[Result "0-1"]
[WhiteElo "2456"]
[BlackElo "2327"]
[PlyCount "146"]
[EventDate "2023.06.03"]
[EventType "tourn"]
[EventRounds "9"]
[EventCountry "USA"]
[EventCategory "10"]
[SourceTitle "The Week in Chess 1492"]
[Source "Mark Crowther"]
[SourceDate "2023.06.12"]
[SourceVersion "1"]
[SourceVersionDate "2023.06.12"]
[SourceQuality "2"]

1. d4 d5 2. c4 e6 3. g3 Nf6 4. Bg2 Be7 5. Nf3 O-O 6. O-O dxc4 7. Qc2 a6 8. a4 Nc6 9. Na3 b5 10. Ne5 Nb4 11. Qd1 Rb8 12. axb5 axb5 13. b3 cxb3 14. Bb2 Bb7 15. Qxb3 Bxg2 16. Kxg2 Rb6 17. Rfc1 Nd7 18. Nf3 Qb8 19. Nb1 Nd5 20. Nbd2 c5 21. dxc5 Nxc5 22. Qc2 Rb7 23. e4 Nb6 24. Be5 Qd8 25. Nb3 Nc4 26. Rd1 Qc8 27. Bd4 Nxb3 28. Qxb3 Bc5 29. Rac1 Qc6 30. Qc3 Bxd4 31. Qxd4 Qb6 32. Qxb6 Rxb6 33. Nd4 h6 34. Re1 Rfb8 35. Re2 Ne5 36. f4 Rd8 37. Nxb5 Rxb5 38. fxe5 Rxe5 39. Rce1 g5 40. Rf2 Rd4 41. Ref1 Rd7 42. Re1 Kg7 43. Rfe2 Rd4 44. Kf3 Ra4 45. Kg2 Kg6 46. Kf2 h5 47. Kg1 g4 48. Kg2 f6 49. Kg1 Kg5 50. Kg2 Rb4 51. Kg1 Reb5 52. Rf1 Rb2 53. Rxb2 Rxb2 54. Ra1 Re2 55. Ra4 e5 56. Rb4 h4 57. Ra4 h3 58. Rb4 Kg6 59. Ra4 Rg2+ 60. Kh1 Rd2 61. Kg1 Rd4 62. Ra8 Rxe4 63. Kf2 Rb4 64. Ra2 Rb1 65. Ke3 Re1+ 66. Kd3 Kf5 67. Rf2+ Ke6 68. Ra2 Rg1 69. Ke4 f5+ 70. Ke3 Rg2 71. Ra6+ Kf7 72. Ra5 Kf6 73. Ra6+ Kg5 0-1

[Event "3rd Cairns Cup 2023"]
[Site "Saint Louis USA"]
[Date "2023.06.11"]
[Round "8.1"]
[White "Zatonskih, A."]
[Black "Abdumalik, Z."]
[Result "1-0"]
[WhiteElo "2327"]
[BlackElo "2497"]
[PlyCount "101"]
[EventDate "2023.06.03"]
[EventType "tourn"]
[EventRounds "9"]
[EventCountry "USA"]
[EventCategory "10"]
[SourceTitle "The Week in Chess 1492"]
[Source "Mark Crowther"]
[SourceDate "2023.06.12"]
[SourceVersion "1"]
[SourceVersionDate "2023.06.12"]
[SourceQuality "2"]

1. d4 Nf6 2. c4 e6 3. Nc3 Bb4 4. Qc2 O-O 5. a3 Bxc3+ 6. Qxc3 b6 7. Bg5 c5 8. dxc5 bxc5 9. Nh3 h6 10. Bxf6 Qxf6 11. Qxf6 gxf6 12. Nf4 Nc6 13. Nh5 f5 14. O-O-O f6 15. g4 fxg4 16. Bg2 Kf7 17. h3 Rg8 18. Nf4 g3 19. fxg3 Rxg3 20. Bxc6 dxc6 21. Rd6 e5 22. Nh5 Rxh3 23. Rxf6+ Ke7 24. Rxh3 Bxh3 25. Rxh6 Be6 26. Rh7+ Kd6 27. Ng3 Bxc4 28. Ne4+ Kd5 29. Nc3+ Kd6 30. Ne4+ Kd5 31. Rh4 Ba6 32. Nc3+ Kd6 33. Rh6+ Kd7 34. Kd2 Bc4 35. Ne4 Kc7 36. Nxc5 Bg8 37. Kc3 a5 38. Rg6 Bd5 39. Rg7+ Kb6 40. b4 axb4+ 41. Kxb4 Ra7 42. Rxa7 Kxa7 43. e3 Ba2 44. Nd7 e4 45. Nc5 Bb1 46. a4 Kb6 47. a5+ Ka7 48. Kb3 Bd3 49. Nxd3 exd3 50. e4 Ka6 51. e5 1-0

[Event "NRW Sportland Cup"]
[Site "chess24.com"]
[Date "2023.06.24"]
[Round "1.3"]
[White "Besou, Hussain"]
[Black "Bagrationi, Alexander"]
[Result "1-0"]
[WhiteElo "2325"]
[BlackElo "2454"]
[PlyCount "61"]
[EventDate "2023.??.??"]
[WhiteTeam "Deutschland"]
[BlackTeam "Israel"]
[WhiteTeamCountry "GER"]
[BlackTeamCountry "ISR"]

1. d4 d6 2. c4 g6 3. Nc3 Bg7 4. e4 Nc6 5. Be3 e5 6. d5 Nd4 7. Nge2 Bg4 8. f3 Nxe2 9. Bxe2 Bd7 10. c5 Bh6 11. Bxh6 Qh4+ 12. g3 Qxh6 13. Qb3 Nf6 14. Qxb7 O-O 15. c6 Bh3 16. Kf2 Rab8 17. Qxa7 Qd2 18. Qe3 Qxb2 19. Rhb1 Qa3 20. Nb5 Qa5 21. a4 h5 22. Qa7 Qd2 23. Nxc7 Rbc8 24. Rd1 Qc2 25. Nb5 Nxe4+ 26. fxe4 Qxe4 27. Bf3 Qc2+ 28. Kg1 e4 29. Rac1 Qb2 30. Bxe4 Rfe8 31. Qd4 1-0

[Event "Turm Open Lippstadt"]
[Site "?"]
[Date "2023.06.09"]
[Round "?"]
[White "Gutman, Lev"]
[Black "Besou, Hussain"]
[Result "0-1"]
[WhiteElo "2335"]
[BlackElo "2325"]
[PlyCount "78"]
[EventDate "2023.??.??"]

1. Nf3 d5 2. g3 Nf6 3. Bg2 e6 4. O-O Be7 5. d4 O-O 6. c4 c6 7. Qd3 a5 8. Nc3 a4 9. Rd1 Qa5 10. Ne5 Nbd7 11. Nxd7 Bxd7 12. e4 dxc4 13. Qxc4 b5 14. Qd3 b4 15. Ne2 Rac8 16. Nf4 c5 17. e5 c4 18. Qe2 Nd5 19. Qg4 f5 20. exf6 Nxf6 21. Qe2 Bd6 22. a3 bxa3 23. bxa3 Rfe8 24. Rb1 e5 25. Nh5 exd4 26. Nxf6+ gxf6 27. Qf1 d3 28. Bd2 Qf5 29. Be3 Bc5 30. Bxc5 Rxc5 31. f4 Rb5 32. Rbc1 Qc5+ 33. Kh1 Bg4 34. Bf3 Bxf3+ 35. Qxf3 Qd5 36. Qxd5+ Rxd5 37. Kg2 d2 38. Rc2 c3 39. Kf2 Rd3 0-1

[Event "NRW Sportland Cup"]
[Site "chess24.com"]
[Date "2023.06.27"]
[Round "4.5"]
[White "Karthik Venkataraman"]
[Black "Besou, Hussain"]
[Result "1/2-1/2"]
[WhiteElo "2548"]
[BlackElo "2325"]
[PlyCount "135"]
[EventDate "2023.??.??"]
[WhiteTeam "Indien"]
[BlackTeam "Deutschland"]
[WhiteTeamCountry "IND"]
[BlackTeamCountry "GER"]

1. d4 Nf6 2. c4 e6 3. Nc3 Bb4 4. e3 O-O 5. Nf3 d5 6. Bd2 b6 7. cxd5 exd5 8. Rc1 Bb7 9. Bd3 Re8 10. O-O Bf8 11. Ne5 c5 12. f4 Nc6 13. Be1 cxd4 14. Nb5 Rc8 15. Nxc6 Rxc6 16. Nxd4 Rxc1 17. Qxc1 Bc5 18. Bh4 Qd6 19. h3 Ne4 20. a3 Bc8 21. Qd1 Qh6 22. Be1 Bxd4 23. exd4 Bd7 24. Qb3 Qc6 25. Kh2 h5 26. Qd1 g6 27. Bh4 Bf5 28. Kg1 Nd6 29. Bxf5 Nxf5 30. Bf2 Re4 31. Qd2 Qe6 32. Qd3 Rxf4 33. Rc1 Kg7 34. Rc7 a5 35. b4 axb4 36. axb4 Re4 37. b5 Nd6 38. Rc6 Qf5 39. Qf3 Rf4 40. Qe2 Qb1+ 41. Qe1 Qxe1+ 42. Bxe1 Nxb5 43. Rxb6 Nxd4 44. Bc3 Kf8 45. g3 Re4 46. Kf2 Nf5 47. Bf6 Ke8 48. Bg5 Rc4 49. Rb8+ Kd7 50. Rd8+ Ke6 51. Re8+ Kd6 52. Rd8+ Ke5 53. Re8+ Kd4 54. Bf6+ Kd3 55. Rd8 d4 56. g4 hxg4 57. hxg4 Ne3 58. Kf3 Nf1 59. Rd7 Nd2+ 60. Kf4 Ne4 61. g5 Nc3 62. Rxf7 Kc2 63. Bxd4 Rxd4+ 64. Ke5 Rd5+ 65. Kf6 Rd6+ 66. Kg7 Ne4 67. Kh6 Ng3 68. Rf6 1/2-1/2